000 00478ntaaa2200193 4500
003 01
005 20251027202734.0
008 0714s1973 ag 01
040 _aAR-BaBN
_bspa
_cAR-BaBN
_eaacr
_dRIC
082 _a745.0000 IK5
100 _aIckis, Marguerite
245 _aThe book of arts and crafts
250 _a3 ed.
260 _aNew York :
_bAssociation Press,
_cc1958
300 _a275 p
650 _amanualidades
700 _aEsh, Reba Selden
_927429
942 _cBK
999 _c22658
_d22658